| Tag |
First Indicator |
Second Indicator |
Subfields |
| LEADER |
00000cam a2200000 a 4500 |
| 001 |
in00000019216 |
| 005 |
20151007054213.0 |
| 008 |
860922s1987 dcua b 00110 eng |
| 010 |
|
|
|a 86026030
|
| 020 |
|
|
|a 0874748925 (alk. paper) :
|c $19.95
|
| 035 |
|
|
|a (OCoLC)14355648
|
| 035 |
|
|
|9 AAB4303AM
|
| 040 |
|
|
|a DLC
|c DLC
|d TXA
|d UtOrBLW
|
| 049 |
|
|
|a TXAM
|c [A11114136]
|
| 050 |
0 |
0 |
|a QB611
|b .S77 1987
|
| 082 |
0 |
|
|a 523.4/1
|2 19
|
| 100 |
1 |
|
|a Strom, Robert G.
|
| 245 |
1 |
0 |
|a Mercury :
|b the elusive planet /
|c Robert G. Strom.
|
| 264 |
|
1 |
|a Washington, D.C. :
|b Smithsonian Institution Press,
|c [1987]
|
| 264 |
|
4 |
|c ©1987
|
| 300 |
|
|
|a xii, 197 pages :
|b illustrations (some color) ;
|c 24 cm.
|
| 336 |
|
|
|a text
|b txt
|2 rdacontent
|
| 337 |
|
|
|a unmediated
|b n
|2 rdamedia
|
| 338 |
|
|
|a volume
|b nc
|2 rdacarrier
|
| 490 |
1 |
|
|a Smithsonian library of the solar system
|
| 500 |
|
|
|a On the title page the astronomical symbol for Mercury appears under the word Mercury.
|
| 504 |
|
|
|a Bibliography: page 172.
|
| 500 |
|
|
|a Includes index.
|
| 651 |
|
0 |
|a Mercury (Planet)
|
| 610 |
2 |
0 |
|a Project Mariner (U.S.)
|
| 830 |
|
0 |
|a Smithsonian library of the solar system.
|
| 999 |
|
|
|a MARS
|
| 999 |
f |
f |
|s 656e4467-bb6c-3665-bc1c-53161e7d058b
|i 6c59d8d0-b93f-302a-85b2-c43c73a0f868
|t 0
|
| 952 |
f |
f |
|p normal
|a Texas A&M University
|b College Station
|c Sterling C. Evans Library
|d Evans: Library Stacks
|t 0
|e QB611 .S77 1987
|h Library of Congress classification
|i unmediated -- volume
|m A14811114136
|
| 998 |
f |
f |
|a QB611 .S77 1987
|t 0
|l Evans: Library Stacks
|